000 00473nam a2200169 a 4500
001 000030448
005 20200930062322.0
008 110517s2011 dr a 000 0 spa d
020 _a9789945878301
040 _aDO-SdBNP
_bspa
_cBNPHU
082 _axxxx
_bN714n
100 1 _aNina Santiago, Elvis Gilberto
_957085
245 1 0 _aNegrillĂ­n /
_cElvis Gilberto Nina Santiago.
260 _aSanto Domingo :
_bBiik,
_c2011.
300 _a95 p. :
_bil. ;
_c22 cm.
049 _aBNPD
999 _c29940
_d29940